| 000 | 01142cam a2200301 a 4500 | ||
|---|---|---|---|
| 001 | 11990252 | ||
| 003 | ARRUPE | ||
| 005 | 20131105171332.0 | ||
| 008 | 000501s1999 miua b 001 0 eng d | ||
| 010 | _a 00266593 | ||
| 020 | _z0879073682 | ||
| 035 | _a(OCoLC)ocm43525574 | ||
| 040 |
_aVXM _cVXM _dDLC |
||
| 042 | _alccopycat | ||
| 050 | 0 | 0 |
_aBR333.2 _b.P67 1999 |
| 100 | 1 |
_aPosset, Franz. _93316 |
|
| 245 | 1 | 0 |
_aPater Bernhardus : _bMartin Luther and Bernard of Clairvaux / _cby Franz Posset ; foreword by Michael Casey ; preface by Bernhard Lohse. |
| 246 | 3 | _aMartin Luther and Bernard of Clairvaux. | |
| 260 |
_aKalamazoo, Mich. : _bCistercian Publications, _cc1999. |
||
| 300 |
_a426 p. : _bill. ; _c23 cm. |
||
| 440 | 0 |
_aCistercian studies series ; _vno. 168 _93317 |
|
| 504 | _aIncludes bibliographical references (p. 397-422) and index. | ||
| 600 | 1 | 0 |
_aLuther, Martin, _d1483-1546. _93318 |
| 600 | 0 | 0 |
_aBernard, _cof Clairvaux, Saint, _d1090 or 1091-1153 _xInfluence. _93319 |
| 906 |
_a7 _bcbc _ccopycat _d2 _encip _f19 _gy-gencatlg |
||
| 942 |
_2lcc _cMONOGRAPH |
||
| 999 |
_c118527 _d118527 |
||